00733nam a2200193Ia 4500008004100000082001700041100001400058245003800072250000800110260003300118300001300151500002400164650001600188942000700204952010400211952010400315952010500419999001500524230524s9999 xx 000 0 und d a621.382bGUP aM.L.Gupta 0aElectronics and Radio Engineering a9TH aNEW DELHIbDhanpat Raic2003 aXXX;1252 aQuantity Number: 3 aElectronics cBK 00104070aTATCLbTATCLcGENd2023-05-24l0o621.382 GUPp1487r2023-05-24w2023-05-24yBKzBE2102 00104070aTATCLbTATCLcGENd2023-05-24l0o621.382 GUPp1488r2023-05-24w2023-05-24yBKzBE2102 00104070aTATCLbTATCLcGENd2023-05-24l0o621.382 GUPp13395r2023-05-24w2023-05-24yBKzBE2102 c9997d9997